O čom sa hádajú žaby

Bibliographic Details
Main Author: Radičkov, Jordan, 1929-2004 (Author)
Other Authors: Hochel, Igor, 1953- (Translator), Bajusová, Oľga, 1954-2012 (Illustrator)
Format: Article
Language:Slovak
Subjects:

MARC

LEADER 00000nab a2200000 a 4500
001 vtls000490118
003 SK-MaSNL
005 20260305010505.0
008 160318c1993 xo 0 slo
015 |a SNBRB19rr/mm-uuuuu 
035 |a CL0490256 
040 |a SNKBUCL  |b slo  |c SNKBUCL  |e AACR2 
041 0 |a slo 
044 |a xo  |c SK 
080 |a 886.7-3(087.5)  |2 1981 
100 1 |a Radičkov, Jordan,  |d 1929-2004  |4 aut  |9 199283 
245 1 0 |a O čom sa hádajú žaby  |c Jordan Radičkov ; Prekl. Igor Hochel ; Ilustr. Oľga Bajusová 
650 0 7 |a rozprávky autorské  |2 snkbucl  |9 315429 
655 7 |a články z novín a časopisov  |2 snkbucl  |9 267496 
655 7 |a články z odboru literárna veda a krásna literatúra  |2 snkbucl  |9 770045 
700 1 |a Hochel, Igor,  |d 1953-  |4 trl  |9 101382 
700 1 |a Bajusová, Oľga,  |d 1954-2012  |4 ill  |9 247953 
773 0 |t Včielka  |g Roč. 35, č. 8 (1993), s. 8-9 
850 |a Slovenská národná knižnica v Martine  |a MTA001 
852 |a SNK  |b KIS3GCP 
958 |a BG 
958 |a RK 
958 |a LX 
992 |a RBX 
999 |c 3246978  |d 3248908